[Event "Mittelfrank Regionalliga Nord-Ost 2223"]
[Site "Mittelfranken"]
[Date "2022.10.09"]
[Round "1.1"]
[White "Hrebenshchykova, Yelyzaveta"]
[Black "Haba, Zdenek"]
[Result "0-1"]
[WhiteElo "2328"]
[BlackElo "2218"]
[PlyCount "42"]
[EventDate "2022.10.09"]
[EventType "team-tourn"]
[EventRounds "9"]
[EventCountry "GER"]
[SourceTitle "EXT 2024"]
[Source "ChessBase"]
[SourceDate "2023.10.10"]
[SourceVersion "1"]
[SourceVersionDate "2023.10.10"]
[SourceQuality "1"]
[WhiteTeam "Nuernberg Noris Tarrasch III"]
[BlackTeam "Windischeschenbach"]
[WhiteTeamCountry "GER"]
[BlackTeamCountry "GER"]

1. e4 c5 2. Nf3 e6 3. d4 cxd4 4. Nxd4 a6 5. Bd3 Bc5 6. Nb3 Be7 7. c4 d6 8. Nc3 Nf6 9. 0-0 0-0 10. Qe2 Qc7 11. f4 Nbd7 12. Bd2 b6 13. Rae1 g6 14. Rf3 Bb7 15. Rh3 Rfd8 16. g4 Nc5 17. Nxc5 dxc5 18. e5 Qc6 19. Nd5 exd5 20. exf6 Bxf6 21. Qf3 Qd7 0-1

[Event "Ceske Budejovice op"]
[Site "Ceske Budejovice"]
[Date "2021.07.06"]
[Round "6"]
[White "Svanda, Ondrej"]
[Black "Haba, Zdenek"]
[Result "1-0"]
[WhiteElo "2317"]
[BlackElo "2192"]
[PlyCount "57"]
[EventDate "2021.07.01"]
[EventType "swiss"]
[EventRounds "9"]
[EventCountry "CZE"]
[SourceTitle "CBM 203 Extra"]
[Source "ChessBase"]
[SourceDate "2021.09.30"]
[SourceVersion "1"]
[SourceVersionDate "2021.09.30"]
[SourceQuality "1"]

1. e4 c5 2. Nf3 e6 3. b3 d6 4. Bb2 Nf6 5. e5 dxe5 6. Nxe5 Be7 7. f4 0-0 8. Bd3 Bd7 9. 0-0 Nc6 10. Qf3 g6 11. Na3 Rb8 12. Nac4 Nb4 13. a4 Nxd3 14. Qxd3 Bc8 15. Qh3 Qc7 16. Rf3 b6 17. Qh6 Rd8 18. Ng4 Rd4 19. Bxd4 cxd4 20. Rh3 e5 21. Nxf6+ Bxf6 22. fxe5 Bg7 23. Qxh7+ Kf8 24. Rf3 Bb7 25. Rxf7+ Kxf7 26. Rf1+ Ke6 27. Qxg6+ Kd5 28. Rf7 Qc5 29. Rd7+ 1-0

[Event "Plzen Calliditas op"]
[Site "Plzen"]
[Date "2020.08.29"]
[Round "8"]
[White "Haba, Zdenek"]
[Black "Bullen, Alex"]
[Result "1-0"]
[WhiteElo "2163"]
[BlackElo "2116"]
[PlyCount "99"]
[EventDate "2020.08.23"]
[EventType "swiss"]
[EventRounds "9"]
[EventCountry "CZE"]
[SourceTitle "CBM 198 Extra"]
[Source "ChessBase"]
[SourceDate "2020.11.30"]
[SourceVersion "1"]
[SourceVersionDate "2020.11.30"]
[SourceQuality "1"]

1. d4 d5 2. c4 e6 3. Nf3 Nf6 4. g3 Bb4+ 5. Bd2 Be7 6. Bg2 0-0 7. Qc2 Nbd7 8. 0-0 Ne4 9. Bf4 c6 10. Nc3 g5 11. Bc1 f5 12. e3 Nd6 13. Nd2 Bf6 14. b3 Rf7 15. Ba3 Nf8 16. Rac1 h5 17. f3 f4 18. exf4 Bxd4+ 19. Kh1 gxf4 20. Ne2 Nf5 21. Nxd4 Nxd4 22. Qc3 Nf5 23. g4 Ne3 24. Qe5 hxg4 25. Bb2 Rh7 26. Qxf4 Qh4 27. fxg4 Ng6 28. Qd6 Bd7 29. Rf6 Nf8 30. Nf3 Qf2 31. Rg1 Qxb2 32. Ne5 Nxg2 33. Rxg2 Qb1+ 34. Rg1 Qe4+ 35. Rg2 Qe1+ 36. Rg1 Rxh2+ 37. Kxh2 Qh4+ 38. Kg2 Qxf6 39. Rf1 Qh6 40. Nxd7 Nxd7 41. Qxd7 Qg6 42. Kg3 Rf8 43. Rxf8+ Kxf8 44. Qc8+ Qe8 45. Qxb7 d4 46. Qxa7 e5 47. Qh7 Qe6 48. Qf5+ Qxf5 49. gxf5 d3 50. Kf2 1-0

[Event "Plzen Calliditas op"]
[Site "Plzen"]
[Date "2020.08.25"]
[Round "4"]
[White "Haba, Zdenek"]
[Black "Eret, Matous"]
[Result "1/2-1/2"]
[WhiteElo "2163"]
[BlackElo "2195"]
[PlyCount "65"]
[EventDate "2020.08.23"]
[EventType "swiss"]
[EventRounds "9"]
[EventCountry "CZE"]
[SourceTitle "CBM 198 Extra"]
[Source "ChessBase"]
[SourceDate "2020.11.30"]
[SourceVersion "1"]
[SourceVersionDate "2020.11.30"]
[SourceQuality "1"]

1. d4 Nf6 2. c4 d6 3. Nc3 Nbd7 4. e4 e5 5. Nf3 Be7 6. Be2 0-0 7. 0-0 c6 8. Re1 Qc7 9. Bf1 Re8 10. h3 a5 11. Bg5 exd4 12. Nxd4 Nc5 13. Bh4 Be6 14. Bg3 Rad8 15. Qc2 Qb6 16. Rad1 Nh5 17. Bh2 g6 18. g4 Ng7 19. Kh1 Bc8 20. f4 Bh4 21. Re2 f5 22. exf5 gxf5 23. g5 Rxe2 24. Bxe2 Bf2 25. Bf3 Bxd4 26. Rxd4 Ne4 27. Bg1 Nc5 28. Na4 Nxa4 29. Rxd6 Qc7 30. Rxd8+ Qxd8 31. Qxa4 Ne6 32. c5 Qd2 33. Qc4 1/2-1/2

[Event "Ricany op-A"]
[Site "Ricany"]
[Date "2017.09.02"]
[Round "9"]
[White "Krivanek, Vladimir"]
[Black "Haba, Zdenek"]
[Result "1-0"]
[WhiteElo "2107"]
[BlackElo "2207"]
[PlyCount "83"]
[EventDate "2017.08.26"]
[EventType "swiss"]
[EventRounds "9"]
[EventCountry "CZE"]
[SourceTitle "CBM 180 Extra"]
[Source "ChessBase"]
[SourceDate "2017.10.06"]
[SourceVersion "1"]
[SourceVersionDate "2017.10.06"]
[SourceQuality "1"]

1. e3 c5 2. Nf3 Nf6 3. d4 b6 4. Be2 g6 5. 0-0 Bg7 6. c4 cxd4 7. exd4 0-0 8. Nc3 Bb7 9. d5 Na6 10. Bf4 d6 11. Nd4 Qd7 12. Rc1 Rac8 13. Qd2 Rfe8 14. Rfe1 Nb8 15. h3 a6 16. b3 e5 17. dxe6 fxe6 18. Bg5 Qf7 19. Nf3 Rcd8 20. Qe3 Qc7 21. Nd4 e5 22. Nc2 Nbd7 23. Nb4 Qc5 24. Nbd5 Qxe3 25. Bxe3 Nxd5 26. Nxd5 Bxd5 27. cxd5 b5 28. Rc6 Nb8 29. Rc7 Bf6 30. Rec1 Re7 31. Bg4 Kf8 32. Bb6 Nd7 33. Rc8 Rxc8 34. Rxc8+ Kg7 35. Bc7 h5 36. Bxd6 hxg4 37. Bxe7 gxh3 38. Bxf6+ Nxf6 39. Rc7+ Kf8 40. d6 hxg2 41. Kxg2 e4 42. Ra7 1-0

[Event "Ricany op-A"]
[Site "Ricany"]
[Date "2017.09.01"]
[Round "8"]
[White "Haba, Zdenek"]
[Black "Skalsky, Alexandr"]
[Result "1-0"]
[WhiteElo "2207"]
[BlackElo "2105"]
[PlyCount "95"]
[EventDate "2017.08.26"]
[EventType "swiss"]
[EventRounds "9"]
[EventCountry "CZE"]
[SourceTitle "CBM 180 Extra"]
[Source "ChessBase"]
[SourceDate "2017.10.06"]
[SourceVersion "1"]
[SourceVersionDate "2017.10.06"]
[SourceQuality "1"]

1. d4 Nf6 2. c4 g6 3. Nc3 d5 4. cxd5 Nxd5 5. e4 Nxc3 6. bxc3 Bg7 7. Nf3 c5 8. Rb1 0-0 9. Be2 Nc6 10. d5 Ne5 11. Nxe5 Bxe5 12. Qd2 e6 13. f4 Bc7 14. 0-0 exd5 15. exd5 Ba5 16. d6 Rb8 17. Ba3 Bf5 18. Rbd1 Rc8 19. g4 Bd7 20. h3 Qh4 21. Kh2 Rfe8 22. Bf3 b5 23. Bb2 c4 24. f5 g5 25. Bc1 h6 26. Rde1 Rxe1 27. Rxe1 Bb6 28. Re2 Bc5 29. Kg2 Re8 30. Rxe8+ Bxe8 31. Qe2 Bxd6 32. Qxe8+ Kg7 33. Qe2 Qg3+ 34. Kf1 Qxh3+ 35. Ke1 Qg3+ 36. Kd1 Qg1+ 37. Kc2 Qc5 38. Be3 Qa3 39. Bd4+ Kh7 40. Kb1 Bf4 41. Qb2 Qe7 42. Qe2 Qa3 43. Qc2 a5 44. f6+ Kh8 45. Qb2 Qd6 46. Qe2 Qd7 47. Qe7 Qe6 48. Qf8+ 1-0

[Event "Ricany op-A"]
[Site "Ricany"]
[Date "2017.08.30"]
[Round "6"]
[White "Haba, Zdenek"]
[Black "Nehyba, Martin"]
[Result "1-0"]
[WhiteElo "2207"]
[BlackElo "1875"]
[PlyCount "119"]
[EventDate "2017.08.26"]
[EventType "swiss"]
[EventRounds "9"]
[EventCountry "CZE"]
[SourceTitle "CBM 180 Extra"]
[Source "ChessBase"]
[SourceDate "2017.10.06"]
[SourceVersion "1"]
[SourceVersionDate "2017.10.06"]
[SourceQuality "1"]

1. d4 d5 2. c4 c6 3. Nf3 Nf6 4. Nbd2 Bf5 5. Qb3 Qc7 6. Nh4 Bc8 7. g3 Nbd7 8. Bg2 e6 9. 0-0 Bd6 10. e4 dxe4 11. Nxe4 Nxe4 12. Bxe4 Nf6 13. Bg2 0-0 14. c5 Be7 15. Bf4 Qd8 16. Nf3 Nd5 17. Bd2 f6 18. Qc2 Re8 19. b4 Bf8 20. Rfe1 Qc7 21. a4 b6 22. Rac1 Bd7 23. Qc4 a6 24. h4 b5 25. Qb3 Kh8 26. Ra1 Qb7 27. Ra3 Reb8 28. axb5 axb5 29. Rea1 Nc7 30. Bf4 Rxa3 31. Rxa3 Kg8 32. Ra5 Rd8 33. Bxc7 Qxc7 34. Qa2 Rb8 35. Ra7 Rb7 36. Ra8 Kf7 37. Nd2 Be7 38. Nb3 Bd8 39. Qa6 Ke8 40. Na5 Rb8 41. Rxb8 Qxb8 42. Nxc6 Bxc6 43. Bxc6+ Kf7 44. Qxb5 Qa7 45. Qb7+ Qxb7 46. Bxb7 Ke7 47. Kf1 Kd7 48. Ke2 Kc7 49. Be4 f5 50. Bf3 h6 51. Kd3 g5 52. hxg5 Bxg5 53. b5 f4 54. b6+ Kb8 55. Ke4 fxg3 56. fxg3 Bd2 57. Ke5 Be3 58. g4 Bf2 59. Bc6 Kc8 60. Be8 1-0